Sports Quiz

Random Sports Quiz

NASCAR North Wilkesboro Winners Quiz Stats

 Plays Quiz not verified by Sporcle

Challenge
Share
Tweet
Embed
Score 0/93 Timer 18:00
0 Plays Today
Year Driver % Correct
1990Mark Martin
100%
1995Mark Martin
100%
1962Richard Petty
99.2%
1962Richard Petty
99.2%
1963Richard Petty
99.2%
1967Richard Petty
99.2%
1968Richard Petty
99.2%
1970Richard Petty
99.2%
1971Richard Petty
99.2%
1972Richard Petty
99.2%
1972Richard Petty
99.2%
1973Richard Petty
99.2%
1974Richard Petty
99.2%
1975Richard Petty
99.2%
1975Richard Petty
99.2%
1977Darrell Waltrip
99.2%
1978Darrell Waltrip
99.2%
1980Richard Petty
99.2%
1981Richard Petty
99.2%
1981Darrell Waltrip
99.2%
1982Darrell Waltrip
99.2%
1982Darrell Waltrip
99.2%
1983Darrell Waltrip
99.2%
1983Darrell Waltrip
99.2%
1984Darrell Waltrip
99.2%
1986Dale Earnhardt
99.2%
1986Darrell Waltrip
99.2%
1987Dale Earnhardt
99.2%
1988Rusty Wallace
99.2%
1989Dale Earnhardt
99.2%
1991Darrell Waltrip
99.2%
Year Driver % Correct
1991Dale Earnhardt
99.2%
1993Rusty Wallace
99.2%
1993Rusty Wallace
99.2%
1995Dale Earnhardt
99.2%
1996Jeff Gordon
99.2%
1959Lee Petty
98.4%
1959Lee Petty
98.4%
1960Lee Petty
98.4%
1987Terry Labonte
98.4%
1988Terry Labonte
98.4%
1994Terry Labonte
98.4%
1996Terry Labonte
98.4%
1974Cale Yarborough
97.5%
1976Cale Yarborough
97.5%
1976Cale Yarborough
97.5%
1977Cale Yarborough
97.5%
1978Cale Yarborough
97.5%
1992Davey Allison
96.7%
1969Bobby Allison
95.9%
1973Bobby Allison
95.9%
1979Bobby Allison
95.9%
1980Bobby Allison
95.9%
1968David Pearson
91.8%
1969David Pearson
91.8%
1985Harry Gant
91%
1989Geoffrey Bodine
90.2%
1990Brett Bodine
90.2%
1992Geoffrey Bodine
90.2%
1994Geoffrey Bodine
90.2%
1979Benny Parsons
82.8%
1985Neil Bonnett
77.9%
Year Driver % Correct
1956Tim Flock
75.4%
1949Bob Flock
74.6%
1951Fonty Flock
74.6%
1951Fonty Flock
74.6%
1955Buck Baker
73.8%
1955Buck Baker
73.8%
1958Junior Johnson
72.1%
1958Junior Johnson
72.1%
1965Junior Johnson
72.1%
1965Junior Johnson
72.1%
1957Fireball Roberts
68%
1984Tim Richmond
68%
1964Fred Lorenzen
66.4%
1970Bobby Isaac
66.4%
1952Herb Thomas
60.7%
1952Herb Thomas
60.7%
1953Herb Thomas
60.7%
1963Marvin Panch
60.7%
1964Marvin Panch
60.7%
1960Rex White
59.8%
1961Rex White
59.8%
1961Rex White
59.8%
1971Tiny Lund
54.1%
1953Speedy Thompson
46.7%
1966Jim Paschal
42.6%
1957Jack Smith
35.2%
1967Darel Dieringer
27%
1966Dick Hutcherson
21.3%
1954Dick Rathman
18.9%
1954Hershel McGriff
11.5%
1950Leon Sales
4.9%

You're not logged in!

Compare scores with friends on all Sporcle quizzes.
Join for Free
OR
Log In

You Might Also Like...

Show Comments

Extras

Created Jan 5, 2016ReportFavoriteNominate
Tags:car, driver, NASCAR, north, winner

Top Quizzes Today


Score Distribution

Your Account Isn't Verified!

In order to create a playlist on Sporcle, you need to verify the email address you used during registration. Go to your Sporcle Settings to finish the process.

Report this User

Report this user for behavior that violates our Community Guidelines.

Details: